| 000 | 00753nam a2200277Ia 4500 | ||
|---|---|---|---|
| 003 | OSt | ||
| 005 | 20221006144717.0 | ||
| 006 | a|||||r|||| 00| 0 | ||
| 007 | ta | ||
| 008 | 221006b |||||||| |||| 00| 0 eng d | ||
| 020 |
_a0131327216 _c _29.50 |
||
| 020 | _a9780131327214 | ||
| 024 | _a12,453 | ||
| 037 | _cTextual | ||
| 040 |
_aEASL _cEASL _beng |
||
| 041 |
_2eng _aeng |
||
| 082 | _aV41.N86, M7 | ||
| 100 | _aVOHRA Ranbir | ||
| 245 | 0 |
_aChinas path to modernnization _b A historical review from 1800 to the present |
|
| 260 |
_aNew Jersey _bPrentice Hall _c1987 |
||
| 300 |
_a302p. _ccm. |
||
| 650 | _a CEL | ||
| 650 | _aChina - History | ||
| 942 |
_hV41.N86, M7 _cTEXL _2CC |
||
| 999 |
_c1080539 _d1080539 |
||